| 000 | 00983cam a2200277 a 4500 | ||
|---|---|---|---|
| 999 |
_c127750 _d127750 |
||
| 001 | 4384699 | ||
| 003 | ARRUPE | ||
| 005 | 20180322115751.0 | ||
| 008 | 910412s1991 fr be 001 0 fre | ||
| 010 | _a 91140943 | ||
| 020 | _a2130433839 | ||
| 040 |
_aDLC _cDLC _dDLC |
||
| 050 | 0 | 0 |
_aREF. GN307 _b.D49 1991 |
| 082 | 0 | 0 |
_a301/.03 _220 |
| 245 | 0 | 0 |
_aDictionnaire de l'ethnologie et de l'anthropologie / _cPierre Bonte, Michel Izard and Marion Abélès ... [et al.]. |
| 260 |
_aParis : _bPresses universitaires de France, _cc1991. |
||
| 300 |
_axi, 755 p. ; _c25 cm. |
||
| 504 | _aIncludes bibliographical references and index. | ||
| 650 | 0 |
_aEthnology _xEncyclopedias. _940885 |
|
| 700 | 1 |
_aBonte, Pierre. _940886 |
|
| 700 | 1 |
_aIzard, Michel. _936619 |
|
| 906 |
_a7 _bcbc _corignew _d2 _encip _f19 _gy-gencatlg |
||
| 942 |
_2lcc _cMONOGRAPH |
||